La sécurité sociale en agriculture dans la communauté économique européene

Сохранить в:
Библиографические подробности
Главный автор: Savy, Robert (Автор)
Формат:
Язык:французский
Опубликовано: París Librairie Générale de Droit et de Jurisprudence 1965
Серии:Bibliothèque d'ouvrages de Droit Social
Предметы:
Метки: Добавить метку
Нет меток, Требуется 1-ая метка записи!

MARC

LEADER 00000nam a2200000 a 4500
001 UCS3285
003 CL-VaPUC
008 970620e19650000FR |||||||||||||||||fre|d
082 0 4 |a 368.4  |b SAV  |2 21 
100 0 |a Savy, Robert  |e author  |9 389270 
245 1 3 |a La sécurité sociale en agriculture dans la communauté économique européene 
300 |a 392 p 
942 |c BK 
945 |d 19970620 00:00:00  |a lriquelm 
260 |a París  |b Librairie Générale de Droit et de Jurisprudence  |c 1965 
650 0 |a Seguridad social  |9 255322 
650 7 |a COMUNIDADES EUROPEAS  |2 CL-VaPUC  |9 320736 
650 0 |a Derecho comparado  |9 255664 
650 7 |a DERECHO AGRARIO  |2 CL-VaPUC  |9 321361 
650 0 |a Agricultura  |9 255598 
650 0 |a Prestaciones  |9 385168 
650 0 |a Trabajo  |9 313876 
650 7 |a INDEMNIZACIONES POR AÑOS DE TRABAJO  |2 CL-VaPUC  |9 389271 
650 0 |a Administración financiera  |9 261146 
583 |a last modification  |c 19970620 00:00:00  |k Rodrigo Vera 
490 0 |a Bibliothèque d'ouvrages de Droit Social 
999 |c 261027  |d 261025 
952 |0 0  |1 0  |4 0  |6 368_400000000000000_SAV_1965  |7 0  |8 P  |9 287786  |a BIBDER  |b BIBDER  |d 2019-11-19  |i 186677K  |o 368.4 SAV 1965  |p 186677K  |r 2023-01-25  |w 2019-11-19  |y BK  |k DER